000 00795nas a2200253 4500
001 BR7701580
003 BR-BrBNA
005 20231205083134.0
007 ta
008 230509b bl.|||p| |||| 00| 00por d
040 _aBR-BrBNA
_bpor
_cBiblioteca Nacional de Agricultura
041 _a(En)
072 _aF60
100 1 _aNoronha, A.
100 1 _aVicente, M.
100 1 _aFelipe, G.M.
245 1 _aEffect of storage and growth conditions on photoplasticity of seeds of Cucumis anguria [maxixe, armazenamento, crescimento, semente, fotoplasticidade]
650 _aFISIOLOGIA VEGETAL
650 _aMAXIXE
650 _aSEMENTE
773 0 _tHoehnea (Brazil)
_xISSN 0073-0912
_g(Dec 1976), v. 6 p. 7-10
_wBR7701580
909 _a202311
_bLúcia
_c55
_dLúcia Elande
942 _2AGRIS
_n0
_cANA
999 _c96670
_d96670